| 000 | 00559cam a22002171 4500 | ||
|---|---|---|---|
| 001 | sa 66001438 | ||
| 003 | DLC | ||
| 005 | 20260227112222.0 | ||
| 008 | 890821m19589999ii 000 0 beno | ||
| 010 | _asa 66001438 | ||
| 035 | _a(OCoLC)20227899 | ||
| 040 |
_aDLC _cWaU _dDLC |
||
| 042 | _apremarc | ||
| 050 | 0 | 0 |
_aPK1727.D7 _bB5 |
| 100 | 1 |
_aBiśī, Pramathanātha, _d1901-1985. |
|
| 245 | 1 | 0 | _aRabīndranāṭya prabāha. |
| 260 | _c[1958- v. 1, 1960] | ||
| 300 |
_av. _c23 cm. |
||
| 500 | _aIn Bengali. | ||
| 600 | 1 | 0 |
_aTagore, Rabindranath, _d1861-1941. |
| 999 |
_c67812 _d67812 |
||